| 000 | 00956cab a2200193 4500 | ||
|---|---|---|---|
| 001 | ##L133374 | ||
| 008 | 060504n2006 000 0 eng u | ||
| 035 | _a(Sirsi) u133374 | ||
| 041 | 0 | _aeng | |
| 100 | 1 | _aHughes, Catherine | |
| 245 | 0 | 0 | _aDo village design statements make a difference? |
| 260 | _c2006 | ||
| 490 |
_aTown & Country Planning _v75(4) April 2006, 119-121(3) |
||
| 520 | _aArgues that village design statements are proving to be a popular and increasingly effective way of enabling communities to participate in the planning process and that their eligibility for supplementary planning guidance status needs to be preserved. Cites evidence from a recent study of the use of village design statements in the Kent Downs Area of Outstanding Natural Beauty. Notes. | ||
| 590 | _aIKA090506 | ||
| 650 | 2 | 4 | _aVILLAGE DESIGN STATEMENTS |
| 690 | _aENVIRONMENTAL AND LAND CONSULTANCY-PLANNING AND DEVELOPMENT-PLANNING GUIDANCE | ||
| 942 | _n0 | ||
| 999 |
_c76962 _d76962 |
||